|
|
|
|
| LEADER |
01016nam a2200241 a 4500 |
| 001 |
8538 |
| 003 |
BD-DhAAL |
| 008 |
090506r20011996enk b 001 0 eng d |
| 999 |
|
|
|c 453
|d 453
|
| 020 |
|
|
|a 0340584998
|
| 040 |
|
|
|a DLC
|c DLC
|d DLC
|d BD-DhAAL
|
| 082 |
0 |
0 |
|a 801.9507
|2 20
|
| 100 |
1 |
|
|a Webster, Roger,
|d 1950-
|9 42064
|
| 245 |
1 |
0 |
|a Studying literary theory :
|b an introduction /
|c Roger Webster.
|
| 250 |
|
|
|a Second edition
|
| 260 |
|
|
|a London ;
|a New York :
|b Arnold ;
|b Distributed exclusively in the USA by St. Martin's Press,
|c 1996 (reprinted 2001).
|
| 300 |
|
|
|a iv, 138 pages ;
|c 22 cm.
|
| 504 |
|
|
|a Includes bibliographical references (pages [131]-135) and index.
|
| 541 |
1 |
|
|e 8538
|
| 650 |
|
0 |
|a Criticism
|x Study and teaching.
|9 42065
|
| 852 |
|
|
|a Ayesha Abed Library
|c General Stacks
|
| 942 |
|
|
|2 ddc
|c BK
|
| 952 |
|
|
|0 0
|1 0
|2 ddc
|4 0
|6 801_950700000000000_WEB
|7 0
|9 413
|a BRACUL
|b BRACUL
|c GEN
|d 2009-05-07
|g 0.00
|l 10
|m 62
|o 801.9507 WEB
|p 3010008538
|r 2025-05-04
|s 2025-04-27
|t 1
|w 2009-05-07
|y BK
|x No price found in the accession register.
|